000 00412nam a2200157Ia 4500
008 240729s9999 xx 000 0 und d
022 _a2615-790X
245 0 _aTropical Animal Science Journal
260 _aIndonesia
260 _bIPB University
650 _a Animal culture
650 _aAgriculture
856 _uhttps://doaj.org/toc/e4d0336df38048989ea298a9a31e0fd2
942 _2ddc
942 _cDOAJEJ
999 _c67364
_d67364
945 _a1
_bMadushi Gamage
_c1
_dMadushi Gamage